Zhodnotenie výkonnosti účtovnej jednotky na základe ukazovateľa EVA vo vybranej účtovnej jednotky podnikateľa pôsobiaceho v informačných technológiách v Slovenskej republike bakalárska práca

Enregistré dans:
Détails bibliographiques
Auteur principal: Bajzová, Eliška
Collectivité auteur: Fakulta hospodárskej informatiky EU. Katedra účtovníctva a audítorstva
Autres auteurs: Lovciová, Kornélia, 1983-
Format: Livre
Langue:slovaque
Publié: Bratislava 2025
Tags: Ajouter un tag
Pas de tags, Soyez le premier à ajouter un tag!

MARC

LEADER 00000nbm a2200000 4500
001 0310636
005 20251204103729.0
041 0 |a slo 
044 |a SK 
245 1 0 |a Zhodnotenie výkonnosti účtovnej jednotky na základe ukazovateľa EVA vo vybranej účtovnej jednotky podnikateľa pôsobiaceho v informačných technológiách v Slovenskej republike  |b bakalárska práca  |c Eliška Bajzová ; školiteľ: Kornélia Lovciová 
264 1 |a Bratislava  |c 2025 
300 |a 39 s. 
100 1 |a Bajzová, Eliška 
700 1 |a Lovciová, Kornélia, 1983- 
710 2 |a Fakulta hospodárskej informatiky EU. Katedra účtovníctva a audítorstva